00478 2200169 4500001002100000005001500021008004100036020002200077035001900099041000700118082001100125090001700136100002100153245004700174260006800221300001900289INLIS00000000001257820241224114406241224||||||||| | ||| |||| || |  a978-602-8389-60-0 0010-1224012578 aid0 a297.14 a297.14 INA i0 aInayati Ashriyah00aIbadah Ringan Berpahala Besar untuk Wanita aJAKARTA SELATANbpenerbit ruangkata imprint Kawan Pustakac2012 a188 hlm; 20 cm